| 000 | 00883nam a22003017a 4500 | ||
|---|---|---|---|
| 001 | BR8801397 | ||
| 003 | BR-BrBNA | ||
| 005 | 20230928092848.0 | ||
| 007 | ta | ||
| 008 | 230509b bl.||||| |||| 00| 0 por d | ||
| 040 |
_aBR-BrBNA _bpor _cBiblioteca Nacional de Agricultura |
||
| 041 | _a(Por) | ||
| 072 |
_aK01 _b/G514 _b/GZ72 |
||
| 090 | _ K01 BR8801397 | ||
| 100 | 1 | _aJankauskis, J. | |
| 110 | 1 |
_aSuperintendencia do Desenvolvimento da Amazonia, Belem, PA (Brasil). Depto. de Recursos Naturais _910055 |
|
| 245 | 1 | _aRecuperacao de florestas tropicais mecanicamente exploradas | |
| 250 | 1 | _a2. ed. | |
| 260 | 3 |
_aBelem, PA (Brasil): _c1983. |
|
| 300 | _a57 p. | ||
| 500 | _a20 illus.; 12 ref. | ||
| 650 | _aRECURSO FLORESTAL | ||
| 650 | _aEXPLORACAO FLORESTAL | ||
| 650 | _aCONSERVACAO | ||
| 650 | _aAMAZONIA | ||
| 909 |
_a202309 _bLucia _c55 _dLucia Elande |
||
| 942 | _cBK | ||
| 999 |
_c41638 _d41638 |
||